FIFA World Cup Winning Countries - Statistics

General Stats
  • This quiz has been taken 33 times
  • The average score is 8 of 8
Answer Stats
Hint Answer % Correct
4 times Germany
100%
5 times Brazil
97%
2 times France
97%
4 times Italy
97%
1 time Spain
97%
3 times Argentina
90%
1 time England
90%
2 times Uruguay
87%
No matching quizzes found
Score Distribution
Percent of People with Each Score
Percentile by Number Answered
Your Score History
You have not taken this quiz